000 00602nam a22002297a 4500
001 240025
003 DO-SdBNP
005 20160318125006.0
007 240025
008 160318b 1997 nyu xxu||||| |||| 00| 0 spa d
020 _a0590037102
040 _aBPMSU
_bspa
_cBPMSU
092 _aXXXX
_bXXXX
100 1 _aSpinelli, Jerry
245 1 0 _aWringer /
_cJerry Spinelli.
260 _aNew York :
_bScholastic Inc.,
_c1997.
_g1998
300 _a228 p.
_c20 cm.
500 _aOriginally published: New York : HarperCollins, 1997.
910 _a00260
942 _2ddc
_cBK
956 _2LOPEREZ
_310
999 _c9316
_d9316